000 00742nam a2200217 a 4500
008 120416s1994 ||||||||||||||||| || u
020 _a0137641761
050 _aTJ 217.7 Ben
100 _aBennett, Stuart
245 1 0 _aReal-time computer control
246 _aan introduction
250 _a2nd ed.
260 _aEssex
_bFT Prentice-Hall
_c1994
300 _axiv, 417 p. : ill.
350 _a0.00
490 _aPrentice Hall international series in systems and control engineering
500 _aBibliography
650 _aCOMPUTERS
650 _aREAL-TIME CONTROL SYSTEMS
995 _D0.00
_FCBU-MAIN LIBRARY (Kitwe)
_H1
_I0.00
_M1
_UAVAILABLE
_ZMain Library Open Access Collection
999 _c55707
_d55707